[Event "12. Open Internacional C. A. Villaverde"]
[Site "Madrid ESP"]
[Date "2010.04.27"]
[Round "6.15"]
[White "Benitez Cadenas, Luis Miguel"]
[Black "Cortijo Manso, Luis"]
[Result "1/2-1/2"]
[WhiteElo "1770"]
[BlackElo "1614"]
[PlyCount "67"]
[EventDate "2010.04.19"]
[EventType "swiss"]
[EventRounds "8"]
[EventCountry "ESP"]
[Source "lmi"]
[SourceDate "2010.04.19"]

1. c4 Nf6 2. Nc3 g6 3. g3 c6 4. Bg2 Bg7 5. e4 d6 6. Nge2 O-O 7. O-O Nbd7 8. d3
e5 9. b4 a6 10. a4 c5 11. b5 axb5 12. cxb5 b6 13. Nb1 Bb7 14. Nec3 Re8 15. Na3
Nf8 16. Nc4 d5 17. Nxd5 Nxd5 18. exd5 Bxd5 19. Bb2 Bxg2 20. Kxg2 Qd5+ 21. Kg1
Nd7 22. Ne3 Qe6 23. Re1 Red8 24. Nc4 f6 25. f4 Re8 26. Qf3 Rab8 27. fxe5 fxe5
28. Re2 Rf8 29. Qe4 Qf5 30. Qd5+ Qf7 31. Qxf7+ Rxf7 32. Bxe5 Re8 33. Rae1 Bxe5
34. Nd6 1/2-1/2

[Event "12. Open Internacional C. A. Villaverde"]
[Site "Madrid ESP"]
[Date "2010.04.27"]
[Round "6.16"]
[White "Urena Castellanos, Antonio"]
[Black "Hernandez Mateo, Javier"]
[Result "1-0"]
[WhiteElo "1613"]
[BlackElo "1696"]
[PlyCount "91"]
[EventDate "2010.04.19"]
[EventType "swiss"]
[EventRounds "8"]
[EventCountry "ESP"]
[Source "lmi"]
[SourceDate "2010.04.19"]

1. e4 c5 2. f4 d6 3. Nf3 Nc6 4. c3 Bg4 5. Be2 Nf6 6. d3 g6 7. Qb3 Na5 8. Qc2
Bg7 9. Nbd2 O-O 10. h3 Bd7 11. Nf1 Rc8 12. Be3 a6 13. g4 c4 14. d4 d5 15. e5
Ne4 16. N3d2 f5 17. exf6 Nxf6 18. g5 Bf5 19. Qd1 Ne8 20. Ng3 e6 21. h4 Nd6 22.
h5 b5 23. hxg6 Bxg6 24. Bg4 Qe7 25. Nf3 Ne4 26. Nxe4 Bxe4 27. Rh2 Nc6 28. Nd2
Bg6 29. Qf3 Kf7 30. Bh5 Rh8 31. f5 exf5 32. Qxf5+ Bf6 33. Qxf6+ Qxf6 34. gxf6
Rce8 35. Bxg6+ Kxg6 36. Ke2 Kxf6 37. Rf1+ Ke6 38. Rh6+ Kd7 39. Rf7+ Re7 40.
Rxe7+ Nxe7 41. Nf3 Nf5 42. Rxa6 Re8 43. Ne5+ Kc7 44. Bf4 h5 45. Rf6 Nd6 46. Kf3
1-0

[Event "12. Open Internacional C. A. Villaverde"]
[Site "Madrid ESP"]
[Date "2010.04.27"]
[Round "6.17"]
[White "Martinez Miura, Enrique"]
[Black "Garcia-Ines Sanchez, Gustavo"]
[Result "1-0"]
[WhiteElo "1724"]
[BlackElo "1719"]
[PlyCount "65"]
[EventDate "2010.04.19"]
[EventType "swiss"]
[EventRounds "8"]
[EventCountry "ESP"]
[Source "lmi"]
[SourceDate "2010.04.19"]

1. e4 c5 2. Nc3 d6 3. Nf3 g6 4. d4 cxd4 5. Nxd4 a6 6. Be2 Bg7 7. O-O Nf6 8. Be3
O-O 9. f3 e5 10. Nb3 Bd7 11. Qxd6 Re8 12. Rad1 Nc6 13. Nc5 Qb6 14. Bf2 Qxb2 15.
Nxd7 Re6 16. Nxf6+ Bxf6 17. Qd2 Rd8 18. Nd5 Kg7 19. Qc3 Qxc3 20. Nxc3 Nd4 21.
Bxd4 Rxd4 22. Rxd4 exd4 23. Nd5 Bd8 24. Bc4 Rc6 25. Bb3 b5 26. Rd1 a5 27. a4
bxa4 28. Bxa4 Rc4 29. Bb3 Rb4 30. Nxb4 axb4 31. Kf1 Bb6 32. Ra1 Kf6 33. Ra6 1-0

[Event "12. Open Internacional C. A. Villaverde"]
[Site "Madrid ESP"]
[Date "2010.04.28"]
[Round "7.1"]
[White "Gemy, Jose Daniel"]
[Black "Vazquez Gonzalez, Jesus"]
[Result "1-0"]
[WhiteElo "2215"]
[BlackElo "2073"]
[PlyCount "81"]
[EventDate "2010.04.19"]
[EventType "swiss"]
[EventRounds "8"]
[EventCountry "ESP"]
[Source "lmi"]
[SourceDate "2010.04.19"]

1. d4 Nf6 2. Nf3 g6 3. g3 Bg7 4. Bg2 O-O 5. O-O d6 6. Nbd2 Nc6 7. c3 e5 8. dxe5
dxe5 9. Qc2 Qe7 10. e4 Nh5 11. Re1 Be6 12. Nf1 f5 13. exf5 gxf5 14. Ng5 h6 15.
Nxe6 Qxe6 16. Qb3 Qxb3 17. axb3 e4 18. f3 Nf6 19. Bf4 Rfe8 20. Nd2 exf3 21.
Bxf3 Rxe1+ 22. Rxe1 Re8 23. Rxe8+ Nxe8 24. Bxc6 bxc6 25. Nc4 Kf7 26. Na5 c5 27.
Nc6 Ke6 28. Nxa7 Kd5 29. Kf2 Nd6 30. Ke3 h5 31. Bxd6 cxd6 32. Kf4 Ke6 33. Kg5
d5 34. Nc6 Kd6 35. Na5 Ke5 36. Kxh5 Ke4 37. Kg6 Be5 38. Nb7 c4 39. Nc5+ Ke3 40.
Kxf5 Bd6 41. Ke6 1-0

[Event "12. Open Internacional C. A. Villaverde"]
[Site "Madrid ESP"]
[Date "2010.04.28"]
[Round "7.2"]
[White "Fuentes Arjona, Antonio"]
[Black "Ramirez Garcia, Jorge Alberto"]
[Result "0-1"]
[WhiteElo "2019"]
[BlackElo "2185"]
[PlyCount "94"]
[EventDate "2010.04.19"]
[EventType "swiss"]
[EventRounds "8"]
[EventCountry "ESP"]
[Source "lmi"]
[SourceDate "2010.04.19"]

1. d4 Nf6 2. c4 e6 3. Nf3 d5 4. Nc3 c6 5. cxd5 exd5 6. e3 Bf5 7. Be2 Bd6 8. a3
a5 9. O-O Nbd7 10. b3 Qe7 11. a4 h6 12. Bd3 Bxd3 13. Qxd3 O-O 14. h3 Ne4 15.
Bb2 f5 16. Qc2 Rf7 17. Ne2 g5 18. Nh2 h5 19. Rae1 Re8 20. Bc1 Nf8 21. f3 Ng3
22. Nxg3 Bxg3 23. Re2 Qd6 24. f4 g4 25. Rd1 Qe7 26. Rf1 Ng6 27. Qc5 Qxc5 28.
dxc5 Nxf4 29. Rc2 Ne6 30. Rd1 Ng5 31. hxg4 hxg4 32. Nf1 Bc7 33. Bb2 Re6 34. Bd4
Ne4 35. Nd2 Rh6 36. Nxe4 Bh2+ 37. Kf2 fxe4+ 38. Ke2 Bg3 39. Kd2 Rh2 40. Kc3 Bf2
41. Be5 g3 42. Rf1 Rxg2 43. Rh1 Rh7 44. Rxh7 Be1+ 45. Kd4 Rxc2 46. Rh8+ Kf7 47.
Rh7+ Kg6 0-1

[Event "12. Open Internacional C. A. Villaverde"]
[Site "Madrid ESP"]
[Date "2010.04.28"]
[Round "7.3"]
[White "Garcia Diaz, Victor Manuel"]
[Black "Lopez Heras, Arturo"]
[Result "1-0"]
[WhiteElo "2095"]
[BlackElo "2001"]
[PlyCount "78"]
[EventDate "2010.04.19"]
[EventType "swiss"]
[EventRounds "8"]
[EventCountry "ESP"]
[Source "lmi"]
[SourceDate "2010.04.19"]

1. e4 e5 2. Nc3 Nc6 3. f4 exf4 4. Nf3 d6 5. d4 g5 6. Bc4 Bg7 7. O-O h6 8. e5
dxe5 9. d5 Na5 10. Bd3 Ne7 11. b4 e4 12. Bxe4 Bxc3 13. Rb1 Nc4 14. Qd3 Bg7 15.
Qxc4 Qd6 16. Ba3 Bd7 17. Qb3 b5 18. Kh1 f5 19. Bd3 Qxd5 20. c4 Qf7 21. Qc2 a6
22. Rbe1 O-O 23. Ne5 Bxe5 24. Rxe5 Ng6 25. Rc5 Be6 26. Bb2 bxc4 27. Rxc4 Rac8
28. Rc5 g4 29. Qc3 Kh7 30. Bxa6 Nh4 31. Bxc8 Rxc8 32. Re1 f3 33. gxf3 gxf3 34.
Rg1 Rg8 35. Rxc7 Rxg1+ 36. Kxg1 Bd7 37. Kf2 Qe7 38. Qd2 Kg6 39. Rxd7 Qe6 1-0

[Event "12. Open Internacional C. A. Villaverde"]
[Site "Madrid ESP"]
[Date "2010.04.28"]
[Round "7.4"]
[White "Lopez-Andujar Ocaña, Antonio"]
[Black "Perez Cameselle, Francisco"]
[Result "1-0"]
[WhiteElo "2093"]
[BlackElo "1958"]
[PlyCount "33"]
[EventDate "2010.04.19"]
[EventType "swiss"]
[EventRounds "8"]
[EventCountry "ESP"]
[Source "lmi"]
[SourceDate "2010.04.19"]

1. e4 g6 2. d4 d6 3. Nf3 Nf6 4. Nc3 Bg7 5. Be2 c5 6. dxc5 Qa5 7. cxd6 Nxe4 8.
O-O Nxd6 9. Bg5 Nc6 10. Nd5 Ne4 11. Bh4 Bxb2 12. Bb5 O-O 13. Bxc6 bxc6 14.
Nxe7+ Kg7 15. Rb1 Nc3 16. Qe1 Qa6 17. Bf6+ 1-0

[Event "12. Open Internacional C. A. Villaverde"]
[Site "Madrid ESP"]
[Date "2010.04.28"]
[Round "7.5"]
[White "Martin Rodriguez, Emilio"]
[Black "Gomez Ferrer, Jesus"]
[Result "1-0"]
[WhiteElo "2071"]
[BlackElo "1996"]
[PlyCount "87"]
[EventDate "2010.04.19"]
[EventType "swiss"]
[EventRounds "8"]
[EventCountry "ESP"]
[Source "lmi"]
[SourceDate "2010.04.19"]

1. d4 Nf6 2. c4 e6 3. Nf3 d5 4. cxd5 exd5 5. Nc3 c6 6. Bg5 Nbd7 7. e3 Be7 8.
Bd3 O-O 9. Qc2 Re8 10. O-O h6 11. Bf4 Nh5 12. Nxd5 Nxf4 13. Nxf4 Bd6 14. Ne2
Nf6 15. h3 Be6 16. e4 Bf8 17. Rfd1 Rc8 18. Re1 Qe7 19. Nf4 Qb4 20. Nxe6 fxe6
21. a3 Qb6 22. Qe2 Nd7 23. e5 Be7 24. Qe4 Nf8 25. b4 a5 26. Rab1 axb4 27. axb4
Qd8 28. b5 c5 29. Qxb7 cxd4 30. b6 Bc5 31. Qa6 Ra8 32. Qb5 Nd7 33. b7 Rb8 34.
Rec1 Qe7 35. Be4 Red8 36. Rc4 d3 37. Bxd3 Bb6 38. Be4 Qa3 39. Rc8 Nc5 40. Qxb6
Rdxc8 41. bxc8=Q+ Rxc8 42. Bg6 Rf8 43. Qd6 Qa7 44. Bh7+ 1-0

[Event "12. Open Internacional C. A. Villaverde"]
[Site "Madrid ESP"]
[Date "2010.04.28"]
[Round "7.6"]
[White "Iagar, Razvan-Gabriel"]
[Black "Camarero Izquierdo, Juan Carlos"]
[Result "1/2-1/2"]
[WhiteElo "2013"]
[BlackElo "1924"]
[PlyCount "81"]
[EventDate "2010.04.19"]
[EventType "swiss"]
[EventRounds "8"]
[EventCountry "ESP"]
[Source "lmi"]
[SourceDate "2010.04.19"]

1. d4 e6 2. Nf3 f5 3. c4 Nf6 4. g3 Ne4 5. Bg2 Bb4+ 6. Nbd2 O-O 7. a3 Bxd2+ 8.
Nxd2 d5 9. O-O c6 10. cxd5 cxd5 11. f3 Nd6 12. f4 Nd7 13. Nf3 Nf6 14. Ne5 Bd7
15. b3 Rc8 16. Bb2 Nfe4 17. Rc1 Rxc1 18. Qxc1 Bb5 19. Qe3 Qa5 20. Rc1 Rc8 21.
Rxc8+ Nxc8 22. Qc1 Ne7 23. e3 Nc6 24. Nxc6 bxc6 25. Bxe4 fxe4 26. Qc3 Qa6 27.
a4 Be2 28. Ba3 Bf3 29. Qd2 Qc8 30. Qe1 Qe8 31. Qd2 Qh5 32. a5 a6 33. Bd6 Qg4
34. Be7 h5 35. Bg5 Be2 36. Qe1 Bd3 37. Bd8 Qf5 38. b4 Kh7 39. Be7 Kg6 40. Qd1
Qh3 41. Bd8 1/2-1/2

[Event "12. Open Internacional C. A. Villaverde"]
[Site "Madrid ESP"]
[Date "2010.04.28"]
[Round "7.7"]
[White "Vidaurre Vargas, Luis"]
[Black "Lopez De Turiso, Jose Angel"]
[Result "0-1"]
[WhiteElo "1945"]
[BlackElo "2118"]
[PlyCount "84"]
[EventDate "2010.04.19"]
[EventType "swiss"]
[EventRounds "8"]
[EventCountry "ESP"]
[Source "lmi"]
[SourceDate "2010.04.19"]

1. d4 Nf6 2. c4 e5 3. d5 Bc5 4. Nc3 d6 5. e4 O-O 6. Bd3 c6 7. Nf3 Bb4 8. Bd2
Na6 9. Bc2 Nc5 10. Qe2 a5 11. O-O a4 12. Nxa4 Rxa4 13. Bxa4 Bxd2 14. Nxd2 Nxa4
15. b3 Nc5 16. Rfd1 Qb6 17. Kh1 g6 18. Rf1 Nh5 19. a3 f5 20. b4 Nxe4 21. Nxe4
fxe4 22. c5 dxc5 23. Qxe4 cxb4 24. Qxe5 cxd5 25. axb4 Be6 26. Rae1 Ng7 27. Qb2
d4 28. Re4 Rd8 29. Rd1 Nf5 30. Kg1 Bd5 31. Rf4 Qc7 32. Qd2 Qc3 33. g4 Qh3 34.
f3 Ne3 35. Rxd4 Qxf3 36. Re1 Nxg4 37. Rxd5 Rxd5 38. Re8+ Kf7 39. Qe1 Rd1 40.
Re7+ Kg8 41. Re8+ Kg7 42. Re7+ Kh6 0-1

[Event "12. Open Internacional C. A. Villaverde"]
[Site "Madrid ESP"]
[Date "2010.04.28"]
[Round "7.8"]
[White "Cruz Monzon, Jose"]
[Black "Martin-Consuegra Barrilero, Javier"]
[Result "1/2-1/2"]
[WhiteElo "2010"]
[BlackElo "1905"]
[PlyCount "21"]
[EventDate "2010.04.19"]
[EventType "swiss"]
[EventRounds "8"]
[EventCountry "ESP"]
[Source "lmi"]
[SourceDate "2010.04.19"]

1. d4 d5 2. c4 c6 3. Nc3 Nf6 4. Nf3 a6 5. e3 Bf5 6. Bd3 Bxd3 7. Qxd3 e6 8. O-O
Be7 9. e4 dxe4 10. Nxe4 Nxe4 11. Qxe4 1/2-1/2

[Event "12. Open Internacional C. A. Villaverde"]
[Site "Madrid ESP"]
[Date "2010.04.28"]
[Round "7.9"]
[White "Cano Cabanillas, Javier"]
[Black "Ruiz Quevedo, Andres"]
[Result "1/2-1/2"]
[WhiteElo "1966"]
[BlackElo "1918"]
[PlyCount "53"]
[EventDate "2010.04.19"]
[EventType "swiss"]
[EventRounds "8"]
[EventCountry "ESP"]
[Source "lmi"]
[SourceDate "2010.04.19"]

1. e4 c5 2. d4 cxd4 3. c3 d3 4. Nf3 g6 5. Bxd3 Bg7 6. O-O d6 7. h3 Nf6 8. Be3
O-O 9. Qe2 Nbd7 10. Rd1 Qc7 11. Nbd2 b6 12. Nb3 Bb7 13. Nfd2 Nc5 14. Nxc5 bxc5
15. f3 Nd7 16. Ba6 Rab8 17. Bxb7 Rxb7 18. Nc4 Rfb8 19. Rd2 Ne5 20. Nxe5 Bxe5
21. Rc1 Qc8 22. Rcc2 Qe6 23. a3 Qf6 24. Qf2 Qe6 25. Qe2 Bg3 26. Bf2 Be5 27. Be3
1/2-1/2

[Event "12. Open Internacional C. A. Villaverde"]
[Site "Madrid ESP"]
[Date "2010.04.28"]
[Round "7.10"]
[White "Lozano Sanchez, Jose Antonio"]
[Black "Urena Castellanos, Antonio"]
[Result "1-0"]
[WhiteElo "1913"]
[BlackElo "1613"]
[PlyCount "89"]
[EventDate "2010.04.19"]
[EventType "swiss"]
[EventRounds "8"]
[EventCountry "ESP"]
[Source "lmi"]
[SourceDate "2010.04.19"]

1. e4 c5 2. Nf3 Nc6 3. Bc4 e6 4. Nc3 a6 5. a4 Nge7 6. d3 g6 7. Bf4 Bg7 8. Bd6
O-O 9. O-O Re8 10. Bxc5 d6 11. Ba3 Na5 12. Ba2 Rb8 13. Qd2 b5 14. axb5 axb5 15.
Nd1 Qb6 16. Bxd6 Qxd6 17. Qxa5 Nc6 18. Qd2 Ra8 19. c3 Rd8 20. d4 Ba6 21. Ne3 b4
22. Bc4 bxc3 23. bxc3 Bb7 24. Rxa8 Rxa8 25. Rb1 Na5 26. Bd3 Bh6 27. Qe2 Qf4 28.
Nd2 f5 29. g3 Qc7 30. Nec4 Nxc4 31. Bxc4 Bxd2 32. Bxe6+ Kg7 33. Qxd2 Bxe4 34.
Rc1 Kf6 35. d5 Qc4 36. Re1 Ra2 37. Qe3 Rc2 38. Qh6 Qc5 39. Qh4+ Kg7 40. g4 h6
41. gxf5 g5 42. f6+ Kxf6 43. Qxh6+ Bg6 44. Qh8+ Ke7 45. Qg7+ 1-0

[Event "12. Open Internacional C. A. Villaverde"]
[Site "Madrid ESP"]
[Date "2010.04.28"]
[Round "7.11"]
[White "Rodriguez Bachiller, Luis"]
[Black "Nieto Esteban, Manuel"]
[Result "1/2-1/2"]
[WhiteElo "1897"]
[BlackElo "1817"]
[PlyCount "114"]
[EventDate "2010.04.19"]
[EventType "swiss"]
[EventRounds "8"]
[EventCountry "ESP"]
[Source "lmi"]
[SourceDate "2010.04.19"]

1. Nf3 Nf6 2. c4 c5 3. Nc3 d5 4. cxd5 Nxd5 5. Nxd5 Qxd5 6. g3 g6 7. Bg2 Bg7 8.
O-O O-O 9. d3 Nc6 10. Nd2 Qd7 11. Ne4 b6 12. Rb1 Bb7 13. Qa4 Qc7 14. Bf4 e5 15.
Be3 Nb4 16. a3 Nd5 17. Bd2 Nf6 18. Nxf6+ Bxf6 19. f3 Bc6 20. Qc2 Rac8 21. b4
cxb4 22. Bxb4 Rfd8 23. Rfc1 Qd7 24. Qb2 Bg7 25. Bc3 f6 26. Qb3+ Kh8 27. Qb4 Bh6
28. Bd2 Bxd2 29. Qxd2 Qd4+ 30. Kf1 Bb7 31. Rxc8 Rxc8 32. Rc1 Rxc1+ 33. Qxc1 Qd6
34. Qc3 Qc6 35. Qxc6 Bxc6 36. Ke1 Kg7 37. Kd2 Kf7 38. Kc3 Ke6 39. d4 f5 40.
dxe5 Kxe5 41. f4+ Kd6 42. Bh3 Kc5 43. g4 Be4 44. gxf5 gxf5 45. e3 b5 46. Bf1 a5
47. Be2 h6 48. h4 b4+ 49. axb4+ axb4+ 50. Kb3 Bd5+ 51. Kb2 Be4 52. Ba6 Kb6 53.
Bc8 Kc5 54. Be6 Kd6 55. Bc4 Kc5 56. Be6 Kd6 57. Bc4 Kc5 1/2-1/2

[Event "12. Open Internacional C. A. Villaverde"]
[Site "Madrid ESP"]
[Date "2010.04.28"]
[Round "7.13"]
[White "Baeza Escudero, Javier"]
[Black "Martinez Miura, Enrique"]
[Result "1-0"]
[WhiteElo "1964"]
[BlackElo "1724"]
[PlyCount "89"]
[EventDate "2010.04.19"]
[EventType "swiss"]
[EventRounds "8"]
[EventCountry "ESP"]
[Source "lmi"]
[SourceDate "2010.04.19"]

1. e4 e6 2. d4 d5 3. Nd2 Nf6 4. e5 Nfd7 5. Bd3 c5 6. c3 Nc6 7. Ngf3 cxd4 8.
cxd4 Be7 9. O-O O-O 10. Re1 Nb6 11. Nf1 Bd7 12. Ng3 Nb4 13. Bb1 Rc8 14. a3 Nc6
15. Qd3 g6 16. Bh6 Re8 17. Nh5 Na5 18. b3 Qc7 19. Bd2 Nc6 20. Qe3 Qd8 21. h4 f5
22. exf6 Bxf6 23. Nxf6+ Qxf6 24. h5 Re7 25. Qd3 Qf5 26. hxg6 hxg6 27. Qe3 Qh5
28. Qd3 Qf5 29. Bg5 Rg7 30. Qe3 Qg4 31. Bf6 Rh7 32. Ng5 Rh5 33. Bxg6 Rxg5 34.
Bxg5 Nxd4 35. Bd3 Rf8 36. Be2 Nxe2+ 37. Rxe2 d4 38. Qg3 Qxg3 39. fxg3 Rf5 40.
Bd2 d3 41. Re3 Rd5 42. a4 e5 43. Rae1 Bf5 44. Rxe5 Rxe5 45. Rxe5 1-0

[Event "12. Open Internacional C. A. Villaverde"]
[Site "Madrid ESP"]
[Date "2010.04.28"]
[Round "7.14"]
[White "Alvarez Gonzalez, Eduardo"]
[Black "Gutierrez Garcia, Alberto"]
[Result "1-0"]
[WhiteElo "1884"]
[BlackElo "1722"]
[PlyCount "89"]
[EventDate "2010.04.19"]
[EventType "swiss"]
[EventRounds "8"]
[EventCountry "ESP"]
[Source "lmi"]
[SourceDate "2010.04.19"]

1. d4 d5 2. c4 e6 3. Nc3 Nf6 4. Bg5 Be7 5. e3 O-O 6. Nf3 Nbd7 7. Rc1 b6 8. cxd5
exd5 9. Bd3 Bb7 10. O-O c5 11. b3 h6 12. Bh4 Rc8 13. dxc5 bxc5 14. Qe2 Re8 15.
Ba6 Bxa6 16. Qxa6 Qb6 17. Qd3 Qe6 18. Rfd1 c4 19. Qc2 Nb6 20. Nd4 Qg4 21. Bg3
Bc5 22. Ndb5 Qd7 23. Nd4 Ne4 24. Nxe4 Rxe4 25. Nf3 Qe8 26. Nd2 cxb3 27. Qxb3
Rb4 28. Qd3 Ra4 29. Nb3 Ra3 30. Qe2 Be7 31. Be5 Rd8 32. Bd4 Qa4 33. Rc2 Nc4 34.
g3 Qd7 35. Bxg7 Nxe3 36. fxe3 Kxg7 37. e4 Qh3 38. Rxd5 Rxd5 39. exd5 Bf6 40.
Rc4 Bd8 41. Qg4+ Qxg4 42. Rxg4+ Kf6 43. Re4 Kf5 44. Re8 Bf6 45. d6 1-0

[Event "12. Open Internacional C. A. Villaverde"]
[Site "Madrid ESP"]
[Date "2010.04.28"]
[Round "7.16"]
[White "Cortijo Manso, Luis"]
[Black "Sierra Soria, Maria"]
[Result "0-1"]
[WhiteElo "1614"]
[BlackElo "1744"]
[PlyCount "96"]
[EventDate "2010.04.19"]
[EventType "swiss"]
[EventRounds "8"]
[EventCountry "ESP"]
[Source "lmi"]
[SourceDate "2010.04.19"]

1. e4 c5 2. Nf3 d6 3. d4 cxd4 4. Nxd4 Nf6 5. Nc3 a6 6. f3 e5 7. Nb3 Be6 8. Be3
Nbd7 9. Nd5 Bxd5 10. exd5 b5 11. Be2 Nb6 12. Bxb6 Qxb6 13. c4 bxc4 14. Bxc4
Qb4+ 15. Nd2 Qxb2 16. O-O Be7 17. Qa4+ Kf8 18. Nb3 Qc2 19. Qc6 Re8 20. Qxa6 g6
21. Rac1 Qf5 22. Bd3 Qg5 23. Bb5 Rd8 24. Bc6 Kg7 25. Qa7 Nh5 26. Qf2 Nf4 27.
Qd2 Rb8 28. Kh1 Rb6 29. g3 Nh5 30. Qxg5 Bxg5 31. Rb1 Rhb8 32. Kg2 Nf6 33. Rfd1
Ng8 34. Rd3 Ne7 35. Rc3 Rc8 36. h4 Nxd5 37. Bxd5 Rxc3 38. hxg5 Rc2+ 39. Kh3
Rxa2 40. Nd2 Rxd2 41. Rxb6 Rxd5 42. g4 h6 43. gxh6+ Kxh6 44. Rb8 Kg5 45. Rg8
Kf4 46. Rf8 f5 47. gxf5 gxf5 48. Rg8 Kxf3 0-1

[Event "12. Open Internacional C. A. Villaverde"]
[Site "Madrid ESP"]
[Date "2010.04.28"]
[Round "7.17"]
[White "Hernandez Mateo, Javier"]
[Black "Benito Mellado, Humberto"]
[Result "1-0"]
[WhiteElo "1696"]
[BlackElo "1648"]
[PlyCount "68"]
[EventDate "2010.04.19"]
[EventType "swiss"]
[EventRounds "8"]
[EventCountry "ESP"]
[Source "lmi"]
[SourceDate "2010.04.19"]

1. d4 d5 2. c4 Nf6 3. cxd5 Qxd5 4. Nc3 Qd8 5. Nf3 Bg4 6. e3 e6 7. Be2 Be7 8.
O-O O-O 9. Qb3 b6 10. Bd2 Nbd7 11. h3 Bf5 12. Rac1 c5 13. Na4 cxd4 14. Nxd4 Be4
15. Bb4 Bxb4 16. Qxb4 Nd5 17. Qa3 Qg5 18. Nf3 Qg6 19. Nc3 Nxc3 20. Qxc3 f6 21.
Rfd1 Ne5 22. Kh2 Bd5 23. Rg1 Nxf3+ 24. Bxf3 Bxf3 25. gxf3 Qh5 26. Rg3 Qd5 27.
Rcg1 g6 28. Qc2 f5 29. Qc3 Kf7 30. Qc7+ Ke8 31. Qxh7 Rf6 32. Rxg6 Rxg6 33. Rxg6
Qd6+ 34. f4 Rd8 1-0

[Event "12. Open Internacional C. A. Villaverde"]
[Site "Madrid ESP"]
[Date "2010.04.28"]
[Round "7.19"]
[White "Hernandez Mateo, Borja"]
[Black "Martin Rodriguez, Jose L"]
[Result "1-0"]
[WhiteElo "1565"]
[BlackElo "1510"]
[PlyCount "107"]
[EventDate "2010.04.19"]
[EventType "swiss"]
[EventRounds "8"]
[EventCountry "ESP"]
[Source "lmi"]
[SourceDate "2010.04.19"]

1. e4 e6 2. d3 d5 3. Nd2 Nf6 4. Ngf3 c5 5. Be2 Be7 6. O-O O-O 7. c3 Nc6 8. Qc2
Qc7 9. b3 b6 10. Bb2 Bb7 11. Rfd1 Ba6 12. Nf1 Bb7 13. Ng3 Rad8 14. Rac1 b5 15.
exd5 Nxd5 16. d4 Nf4 17. Bxb5 Qb6 18. Be2 Nxe2+ 19. Nxe2 Bf6 20. Ba3 Rfe8 21.
Bxc5 Qc7 22. Ng3 Ne7 23. Qe2 a6 24. Ne4 Qf4 25. Nxf6+ gxf6 26. Qe3 Qg4 27. h3
Qh5 28. Qf4 Kg7 29. Qg4+ Qxg4 30. hxg4 Ng6 31. Bb4 Nf4 32. Kf1 Be4 33. Ne1 Kg6
34. f3 Bc6 35. Nd3 Nd5 36. Ba5 Ne3+ 37. Ke2 Nxd1 38. Bxd8 Rxd8 39. Rxd1 Rc8 40.
c4 Rd8 41. Nb4 Bb7 42. Ke3 a5 43. Nd3 Kg5 44. a3 Rc8 45. Nc5 Ba8 46. b4 axb4
47. axb4 Kh4 48. b5 Kg3 49. Ne4+ Bxe4 50. Kxe4 f5+ 51. gxf5 exf5+ 52. Kxf5 h5
53. c5 h4 54. c6 1-0